000 00466nam a22001817a 4500
003 OSt
008 251217b |||||||| |||| 00| 0 eng d
082 _a631.53
_bR16G
100 _aRamesh Kumar
245 _aGenetic Studies in Mutant Cultures of Groundnut (Arachis hypogaea L.)
260 _a.- Pusa, Samastipur
_b: RAU
_c, 1998
300 _a62p.
650 _aPlant Breeding
650 _aGroundnut
650 _aThesis
650 _aM. Sc.
942 _2ddc
_cT
999 _c49486
_d49486